Day #22: Countries 2200 km away from Bosnia and Herzegovina - Statistics

General Stats
  • This quiz has been taken 22 times
    21 since last reset
  • The average score is 18 of 20
Answer Stats
Answer % Correct
Russia
100%
Algeria
94%
Finland
94%
Georgia
94%
Morocco
94%
Norway
94%
Portugal
94%
Spain
94%
Sweden
94%
United Kingdom
94%
Armenia
89%
Azerbaijan
89%
Egypt
89%
Ireland
89%
Jordan
89%
Saudi Arabia
89%
Syria
89%
Iraq
83%
Libya
83%
Turkey
83%
No matching quizzes found
Score Distribution
Percent of People with Each Score
Percentile by Number Answered
Your Score History
You have not taken this quiz since the last reset